Visionary planning (Record no. 112240)

MARC details
000 -LEADER
fixed length control field 00960cad a22001935a 4500
001 - CONTROL NUMBER
control field E152873
008 - FIXED-LENGTH DATA ELEMENTS--GENERAL INFORMATION
fixed length control field 110510s2011 xxk f 000 0 eng d
035 ## - SYSTEM CONTROL NUMBER
System control number (Sirsi) u152873
041 0# - LANGUAGE CODE
Language code of text/sound track or separate title eng
110 2# - MAIN ENTRY--CORPORATE NAME
Corporate name or jurisdiction name as entry element Architecture and Design Scotland
9 (RLIN) 5714
245 00 - TITLE STATEMENT
Title Visionary planning
Remainder of title a report investigating the role of local planning authorities in the mainstreaming of sustainable house building across scotland
Medium [electronic resource]
260 ## - PUBLICATION, DISTRIBUTION, ETC.
Place of publication, distribution, etc. [Scotland]
Name of publisher, distributor, etc. A+DS
Date of publication, distribution, etc. [2011]
520 ## - SUMMARY, ETC.
Summary, etc. Uses the experiences of local authorities in south east Scotland to make recommendations on the delivery of sustainable homes in Scotland. Discusses changes to the planning system which could achieve this aim.
590 ## - LOCAL NOTE (RLIN)
Local note KA
651 #4 - SUBJECT ADDED ENTRY--GEOGRAPHIC NAME
Geographic name Scotland
Chronological subdivision 1999-
690 ## - LOCAL SUBJECT ADDED ENTRY--TOPICAL TERM (OCLC, RLIN)
Topical term or geographic name as entry element ENVIRONMENTAL AND LAND CONSULTANCY-PLANNING AND DEVELOPMENT
856 40 - ELECTRONIC LOCATION AND ACCESS
Uniform Resource Identifier <a href="https://www.ads.org.uk/resources/4498-visionary-planning">https://www.ads.org.uk/resources/4498-visionary-planning</a>
Public note View the report free of charge at www.ads.org.uk
942 ## - ADDED ENTRY ELEMENTS (KOHA)
Suppress in OPAC 0
Holdings
Withdrawn status Lost status Source of classification or shelving scheme Damaged status Not for loan Home library Current library Shelving location Date acquired Total Checkouts Full call number Barcode Date last seen Copy number Price effective from Koha item type
    Dewey Decimal Classification     Virtual Virtual Online 10/05/2011   ONLINE PUBLICATION 152873-2001 06/08/2019 1 06/08/2019 Book